Statistics for Final fantasy summons

Click here to take the quiz!

General Stats

  • This quiz has been taken 142 times
  • The average score is 10 of 13

Answer Stats

HintAnswer% Correct
cold as iceshiva
100%
fiery devilifrit
96%
the dragon kingbahamut
95%
reviving fire birdphoenix
93%
norse gododin
91%
sea dragonleviathan
90%
lightning wizardramuh
87%
earthen gianttitan
82%
Arthur and his menknights of the round
69%
lightning horseixion
64%
pay him and he will fight for youyojimbo
60%
casts pain and oblivionanima
53%
the three siblingsmagus sisters
52%

Score Distribution

Percentile by Number Answered

Percent of People with Each Score

Your Score History

You have not taken this quiz